000
002610000a22000970004500
100
1
_a
Roberts, W. Dayton
245
1
0
_a
América Latina en la década de los ochenta
300
_a
Vol. 1, no. 1 (mar.- jun.1982), p. 8-12
773
0
_t
Iglesia y Misión
942
_c
ANA
999
_c
51273
_d
51273